| 000 | 00735nam a2200241 a 4500 | ||
|---|---|---|---|
| 001 | 000010198 | ||
| 005 | 20240412074216.0 | ||
| 008 | 091005s2004 dr a 000 p spa d | ||
| 020 | _a9993449201 | ||
| 040 |
_aDO-SdBNP _bspa _cBNPHU |
||
| 082 |
_aRD861.44 _bG633h |
||
| 100 | 1 |
_aGómez Rosa, Alexis, _d1950- _923501 |
|
| 245 | 1 | 0 |
_aHigh quality, ltd / _cAlexis Gómez Rosa. |
| 250 | _a2a ed. | ||
| 260 |
_aSanto Domingo : _bGente, _c2004. |
||
| 300 |
_a93 p. ; _cil. ;l _c21 cm. |
||
| 490 | 1 |
_aLuna Cabeza Caliente _v10 |
|
| 500 | _aIncluye datos biográficos en las solapas del documento | ||
| 650 | 0 |
_aPoesía dominicana _966 |
|
| 650 | 0 |
_aLiteratura dominicana. _967 |
|
| 830 | 0 |
_aLuna Cabeza Caliente _v10 _925200 |
|
| 049 | _aBNPD | ||
| 999 |
_c9957 _d9957 |
||